• 首页
  • 本馆介绍
  • 公告通知
  • 最新文献
  • 馆藏检索
  • 电子资源
  • 读者导购
  • 参考咨询
  • 我的图书馆
  • 登录
  • 详细信息显示
  • 放入我的书架
  • 预约/预借图书
  • 作者相关作品
  • 分类相关作品
  • 丛书相关作品
  • 出版社相关作品

书目信息

  • 表格格式
  • 工作单格式
  • 卡片格式
题名:
经济学说史
    
 
作者: 吴斐丹 著
分册:  
出版信息: 贵阳   贵州人民出版社  1984
页数: 409页
开本: 21cm
丛书名:
单 册:
中图分类: F09
科图分类:
主题词: 经济思想史 , 经济思想史
电子资源:
ISBN:
000 00634nam0 2200253 45
001 0184013595
005 20040422085216.4
010    @dCNY2.40
091    @a4115.154
100    @a19950427d1984 em y0chiy0121 ea
101 0  @achi
102    @aCN@b620000
105    @ay z 000yy
106    @ar
200 10 @a经济学说史@Ajing ji xue shuo shi@f吴斐丹著
210    @a贵阳@c贵州人民出版社@d1984
215    @a409页@c图表@d21cm
606    @a经济思想史
606 0  @a经济思想史
690    @aF09
701  0 @a吴斐丹@Awu fei dan@4著
801  0 @aCN@b上海图书馆@c20040422
801  2 @aCN@bNLC@c20040422
905    @dF09@e20@b126279@f1
    
    经济学说史/吴斐丹著.-贵阳:贵州人民出版社,1984
    409页:图表;21cm
    
    
    ISBN :CNY2.40
    
●
相关链接 在E读中查询图书 在五车中查询图书 在当当中查询图书 在豆瓣中查询图书


正题名:经济学说史     索取号:F09/20         预约/预借

序号 登录号 条形码 馆藏地/架位号 状态 备注
1 0126279   000193490   第一借阅区/ [索取号:F09/20] 在馆    
2 0126281   002060539   第一样本阅览室/ [索取号:F09/20] 在馆    
唐山师范学院图书馆 欢迎您!
大连网信软件有限公司© 版权所有